Top 10 Countries with the Most Bodies of Water - Statistics

General Stats
  • This quiz has been taken 69 times
  • The average score is 8 of 10
Answer Stats
Amount of Water by Square Kilometer Answer % Correct
2,902 Canada
98%
3,069 United States of America
98%
2,840 China
97%
4,508 Russia
97%
8,233 Brazil
92%
1,911 India
83%
2,019 Indonesia
68%
1,283 Democratic Republic of the Congo
65%
2,132 Colombia
62%
1,913 Peru
53%
No matching quizzes found
Score Distribution
Percent of People with Each Score
Percentile by Number Answered
Your Score History
You have not taken this quiz